000 00513pab a2200193 454500
008 180718b2011 xxu||||| |||| 00| 0 eng d
100 _aDatta, Sukamal
245 _aPublic-private partnership and its application in India
260 _c2011
300 _ap.201-205.
362 _aMar
650 _aPublic private partnerships - India
650 _aPublic private partnerships
700 _aDatta, Abhik
700 _aRoy, Tamal Taru
773 _aManagement Accountant
908 _aN
909 _a91124
999 _c91124
_d91124